000
00314nam a2200109Ia 4500
008
151001s9999||||xx |||||||||||||| ||und||
100
_a
parsons Anthony
245
_a
Living in fear
260
_b
The amalgated Press
300
_a
64
365
_b
7
999
_c
949952
_d
949949